The Missing Multipliers (Record no. 115586)
[ view plain ]
| 000 -LEADER | |
|---|---|
| fixed length control field | 01243cad a22002175a 4500 |
| 001 - CONTROL NUMBER | |
| control field | L158921 |
| 008 - FIXED-LENGTH DATA ELEMENTS--GENERAL INFORMATION | |
| fixed length control field | 151007s2015 xxk f 000 0 eng d |
| 035 ## - SYSTEM CONTROL NUMBER | |
| System control number | (Sirsi) u158921 |
| 041 0# - LANGUAGE CODE | |
| Language code of text/sound track or separate title | eng |
| 100 1# - MAIN ENTRY--PERSONAL NAME | |
| Personal name | Blond, Phillip |
| 110 2# - MAIN ENTRY--CORPORATE NAME | |
| Corporate name or jurisdiction name as entry element | Respublica |
| 9 (RLIN) | 6162 |
| 245 04 - TITLE STATEMENT | |
| Title | The Missing Multipliers |
| Remainder of title | Devolution to Britain's Key Cities |
| 260 ## - PUBLICATION, DISTRIBUTION, ETC. | |
| Place of publication, distribution, etc. | London |
| Name of publisher, distributor, etc. | Respublica |
| Date of publication, distribution, etc. | 2015 |
| 520 ## - SUMMARY, ETC. | |
| Summary, etc. | New report recognises the fact that mid-sized cities such as Sunderland, Preston and Cambridge are crucial in the drive for economic growth and would benefit from more devolved powers. This could include a 'right to challenge' whereby failing centralised public services would be shown the ?red card? and their work brought under the control of local communities and councils. Also advises that cities need to be helped to pool their resources in areas of expertise and success in order to bring prosperity to local communities. |
| 590 ## - LOCAL NOTE (RLIN) | |
| Local note | KA |
| 651 #4 - SUBJECT ADDED ENTRY--GEOGRAPHIC NAME | |
| Geographic name | ENGLAND AND WALES |
| 690 ## - LOCAL SUBJECT ADDED ENTRY--TOPICAL TERM (OCLC, RLIN) | |
| Topical term or geographic name as entry element | Planning and development |
| 9 (RLIN) | 6259 |
| 700 1# - ADDED ENTRY--PERSONAL NAME | |
| Personal name | Morrin, Mark |
| 856 40 - ELECTRONIC LOCATION AND ACCESS | |
| Uniform Resource Identifier | <a href="https://www.respublica.org.uk/wp-content/uploads/2015/10/Devolution-to-Britains-Key-Cities-ebook-edition.pdf">https://www.respublica.org.uk/wp-content/uploads/2015/10/Devolution-to-Britains-Key-Cities-ebook-edition.pdf</a> |
| Public note | View this publication free of charge at www.respublica.org.uk |
| 942 ## - ADDED ENTRY ELEMENTS (KOHA) | |
| Suppress in OPAC | 0 |
| Withdrawn status | Lost status | Source of classification or shelving scheme | Damaged status | Not for loan | Home library | Current library | Shelving location | Date acquired | Total Checkouts | Full call number | Barcode | Date last seen | Copy number | Price effective from | Koha item type |
|---|---|---|---|---|---|---|---|---|---|---|---|---|---|---|---|
| Dewey Decimal Classification | Virtual | Virtual | Online | 07/10/2015 | ONLINE PUBLICATION | L158921 | 06/08/2019 | 1 | 06/08/2019 | Book |